Las organizaciones./ (Registro nro. 9342)
[ vista simple ]
| 000 -LEADER | |
|---|---|
| fixed length control field | 02003nam a2200217Ia 4500 |
| 005 - FECHA Y HORA DE LA ÚLTIMA TRANSACCIÓN | |
| control field | 20250619100503.0 |
| 008 - FIXED-LENGTH DATA ELEMENTS--GENERAL INFORMATION | |
| fixed length control field | 230912s9999 xx 000 0 und d |
| 020 ## - INTERNATIONAL STANDARD BOOK NUMBER | |
| International Standard Book Number | 9562781585 |
| 040 ## - CATALOGING SOURCE | |
| Original cataloging agency | UPAN |
| Transcribing agency | Biblioteca San Vicente |
| Description conventions | RCAA2 |
| 041 ## - LANGUAGE CODE | |
| Language code of text/sound track or separate title | spa |
| 082 ## - DEWEY DECIMAL CLASSIFICATION NUMBER | |
| Classification number | 302.35 |
| Item number | G537o |
| año de publicación | 2001 |
| 100 ## - MAIN ENTRY--PERSONAL NAME | |
| Personal name | Gibson, James C. |
| Relator code | aut. |
| 245 #0 - TITLE STATEMENT | |
| Title | Las organizaciones./ |
| Remainder of title | James L. Gibson |
| 250 ## - EDITION STATEMENT | |
| Edition statement | 10° ed. |
| 260 ## - PUBLICATION, DISTRIBUTION, ETC. (IMPRINT) | |
| Place of publication, distribution, etc | Chile: |
| Name of publisher, distributor, etc | McGraw Hill, |
| Date of publication, distribution, etc | 2001 |
| 300 ## - PHYSICAL DESCRIPTION | |
| Extent | 591 p.; |
| Dimensions | 25 cm. |
| 505 ## - FORMATTED CONTENTS NOTE | |
| Formatted contents note | Parte 1: Introducción. <br/>Capitulo 1. El estudio de las organizaciones.<br/>Capitulo 2. Influencias culturales en el comportamiento organizacional.<br/>Capitulo 3. Globalización.<br/>Parte 2: El comportamiento dentro de las organizaciones: El individuo.<br/>Capitulo 4. Comportamiento y diferencias individuales.<br/>Capitulo 5. Motivación: Teorías de contenido y aplicaciones.<br/>Capitulo 6. Motivación: Teorías y aplicaciones sobre este proceso.<br/>Capitulo 7. Recompensas de la conducta organizacional.<br/>Parte 3: Comportamiento dentro de las organizaciones: Grupos e influencia interpersonal.<br/>Capitulo 8. Comportamiento grupal y trabajo en equipo.<br/>Capitulo 9. Comportamiento intergrupal, negociación y desarrollo de equipo de trabajo.<br/>Capitulo 10. La realidad del poder y la política.<br/>Capitulo 11. Lideres: ¿Nacen, se hacen o son los que saben responder adecuadamente a una situación?.<br/>Capitulo 12. Liderazgo: Conceptos y enfoques emergentes.<br/>Parte 4: La estructura y diseño de las organizaciones.<br/>Capitulo 13. Estructura organizacional.<br/>Capitulo 14. Diseñado cargos productivos y motivantes.<br/>Capitulo 15. Diseñado organizaciones efectivas.<br/>Parte 5: Los procesos de las organizaciones.<br/>Capitulo 16. Administrando los procesos de comunicación efectiva.<br/>Capitulo 17. Administrando los procesos de toma de decisión efectivos.<br/>Capitulo 18. Administrando el cambio y el desarrollo organizacional. |
| 650 ## - SUBJECT ADDED ENTRY--TOPICAL TERM | |
| Source of heading or term | LEMB |
| General subdivision | Organización |
| 700 ## - ADDED ENTRY--PERSONAL NAME | |
| Personal name | Ivancevich, Jonh M. Donelly, James H |
| Relator code | col. |
| 942 ## - ADDED ENTRY ELEMENTS (KOHA) | |
| Koha item type | Libros |
| Source of classification or shelving scheme | Dewey Decimal Classification |
| Withdrawn status | Lost status | Source of classification or shelving scheme | Damaged status | Not for loan | Collection code | Home library | Current library | Date acquired | Total Checkouts | Full call number | Barcode | Date last seen | Copy number | Price effective from | Koha item type |
|---|---|---|---|---|---|---|---|---|---|---|---|---|---|---|---|
| Dewey Decimal Classification | Colección General | Biblioteca UPAN San Vicente | Biblioteca UPAN San Vicente | 12/09/2023 | 302.35 G537o | 12000272 | 12/09/2023 | 01 | 12/09/2023 | Libros |